000 00292nam a2200121 i 4500
001 bg
245 0 _aTechnik Wörterbuch. Heating. Ventilation. Sanitary engineering.
260 _aBerlin,
_c1969.
040 _cBPK
041 _apol
942 _cKS
008 s pl f |000 0 pol
999 _c9038
_d9038
856 _uhttp://koha.tu.koszalin.pl/cgi-bin/koha/opac-detail.pl?biblionumber=9038
_yKatalog online BPK